| 000 | 01147cam a22003134a 4500 | ||
|---|---|---|---|
| 999 |
_c347948 _d347948 |
||
| 001 | 13207615 | ||
| 003 | Nust | ||
| 005 | 20180117090012.0 | ||
| 008 | 030521s2004 nyua b 001 0 eng | ||
| 010 | _a 2003054087 | ||
| 020 | _a0393976785 | ||
| 040 |
_aDLC _cDLC _dDLC |
||
| 042 | _apcc | ||
| 050 | 0 | 0 |
_aHB172 _b.K746 2004 |
| 082 | 0 | 0 |
_a338.5/024/658 _221 |
| 100 | 1 | _aKreps, David M. | |
| 245 | 1 | 0 |
_aMicroeconomics for managers / _cDavid M. Kreps. |
| 250 | _a1st ed. | ||
| 260 |
_aNew York : _bNorton, _cc2004. |
||
| 300 |
_axviii, 652 p. : _bill. ; _c27 cm. |
||
| 504 | _aIncludes bibliographical references and index. | ||
| 650 | 0 | _aMicroeconomics. | |
| 650 | 0 | _aIndustrial management. | |
| 856 | 4 | 1 |
_3Table of contents _uhttp://www.loc.gov/catdir/toc/fy042/2003054087.html |
| 906 |
_a7 _bcbc _corignew _d1 _eocip _f20 _gy-gencatlg |
||
| 942 |
_2ddc _cBK |
||